Govt. of
Madhya Pradesh

काकोरी के दिलजले (Record no. 60169)

MARC details
000 -LEADER
fixed length control field 00491nam a22001457a 4500
003 - CONTROL NUMBER IDENTIFIER
control field MACL
005 - DATE AND TIME OF LATEST TRANSACTION
control field 20190620162350.0
008 - FIXED-LENGTH DATA ELEMENTS--GENERAL INFORMATION
fixed length control field 190620b xxu||||| |||| 00| 0 eng d
040 ## - CATALOGING SOURCE
Transcribing agency MACL
100 ## - MAIN ENTRY--PERSONAL NAME
Personal name त्रिवेदी,रामदुलारे
9 (RLIN) 75419
245 ## - TITLE STATEMENT
Title काकोरी के दिलजले
260 ## - PUBLICATION, DISTRIBUTION, ETC. (IMPRINT)
Place of publication, distribution, etc. नई दिल्‍ली
Name of publisher, distributor, etc. प्रवीण प्रकाशन
Date of publication, distribution, etc. 2017
650 ## - SUBJECT ADDED ENTRY--TOPICAL TERM
Topical term or geographic name as entry element भारतीय इतिहास
9 (RLIN) 31578
942 ## - ADDED ENTRY ELEMENTS (KOHA)
Source of classification or shelving scheme
Koha item type Hindi Books
Holdings
Withdrawn status Lost status Source of classification or shelving scheme Damaged status Not for loan Home library Current library Shelving location Date acquired Cost, normal purchase price Total Checkouts Full call number Barcode Date last seen Price effective from Koha item type
          MACL MACL General Stacks 20/06/2019 450.00   954 CRH035995 20/06/2019 20/06/2019 Hindi Books